Estudios de arte latinoamericano y caribeño : revisitaciones a los estudios de arte latinoamericano : la alternativa de los estudios interdisciplinares... /

Na minha lista:
Detalhes bibliográficos
Autor principal: Rodríguez Bolufé, Olga María (coordinación)
Formato: Livro
Idioma:espanhol
Publicado em: México : Universidad Iberoamericana Ciudad de México, 2016, c2016
Assuntos:
Tags: Adicionar Tag
Sem tags, seja o primeiro a adicionar uma tag!

MARC

LEADER 00000nam^a2200000^a^4500
001 000396223
005 20250521000000.0
009 20260310121422.961
020 |a 978-607-417-396-3 
020 |a 978-607-417-354-3 
037 |a Acervo ITESO - Biblioteca 
041 |a ESP 
082 |a 709. 80  |b ROD 
100 |a Rodríguez Bolufé, Olga María  |e (coordinación) 
245 1 0 |a Estudios de arte latinoamericano y caribeño :  |b revisitaciones a los estudios de arte latinoamericano : la alternativa de los estudios interdisciplinares... /  |c Coord. de O.M. Rodríguez Bolufé. 
264 4 |a México :  |b Universidad Iberoamericana Ciudad de México,  |c 2016, c2016 
300 |a 323 p. 
336 |a texto  |b txt  |2 rdacontenido 
337 |a sin mediación  |b n  |2 rdamedio 
338 |a volumen  |b nc  |2 rdasoporte 
649 |a XX 
650 |a Cuerpo Humano en el Arte 
650 |a Cine Venezolano -  |x Historia y Crítica 
650 |a Pintura Argentina -  |x Historia y Crítica 
650 |a Pintura Mexicana -  |x Historia y Crítica 
650 |a Arte Argentino -  |x Historia y Crítica 
650 |a Arte Brasileño -  |x Historia y Crítica 
650 |a Arte Cubano -  |x Historia y Crítica 
650 |a Arte Mexicano -  |x Historia y Crítica 
650 |a Arte Venezolano -  |x Historia y Crítica 
650 |a Arte Latinoamericano -  |x Historia y Crítica -  |x Tema Principal 
650 |a Arte Caribeño -  |x Historia y Crítica -  |x Tema Principal 
650 |a Arte -  |x Historia y Crítica 
910 |a Fondo General 
920 |a Impresos - Libros 
930 |a Colección General 
905 |a 101 
901 |a 0500291498  |b IT1  |c ACC  |i D83489  |u 20250521 
902 |a https://opac.biblio.iteso.mx/vufind/Record/000396223